Partidos judiciales de la Región de Murcia - Estadísticas

Estadísticas generales
  • Esta prueba ha sido intentada 18 veces
  • La puntuación promedio es 9 de 11
Estadísticas de respuestas
Partido judicial % Correcto
Murcia
100%
Yecla
93%
Cartagena
87%
Cieza
87%
Lorca
87%
San Javier
87%
Caravaca de la Cruz
80%
Molina de Segura
80%
Jumilla
73%
Mula
73%
Totana
73%
No se encontraron pruebas coincidentes
Distribución de puntuación
Porcentaje de gente con cada puntuación
Porcentaje por número respondido
Historial de tus puntuaciones
No has intentado esta prueba.